| 000 | 00350nam a2200121Ia 4500 | ||
|---|---|---|---|
| 008 | 211119s9999||||xx |||||||||||||| ||und|| | ||
| 082 |
_a658.15 _bVAN-F |
||
| 100 | _aVan Horne, James C | ||
| 245 | 0 | _aFinancial Management and Policy | |
| 260 |
_bPrentice-Hall of India _aNew Delhi _c1998 |
||
| 650 |
_aManagementManagement _xMBA LIBRARY |
||
| 942 | _cBOOK | ||
| 999 |
_c105254 _d105254 |
||